Obce v Jihomoravském kraji - Statistics

General Stats
  • This quiz has been taken 50 times
  • The average score is 154 of 673
Answer Stats
Obec Počet obyvatel % Correct
Brno 382 405
100%
Břeclav 24 554
96%
Blansko 20 306
91%
Hodonín 112 | 24 385
91%
Vyškov 20 676
91%
Ivaň 743
87%
Ivančice 9 854
87%
Slavkov u Brna 7 045
87%
Znojmo 33 775
87%
Kuřim 11 021
83%
Kyjov 11 105
83%
Mikulov 7 479
83%
Hustopeče 5 974
78%
Modřice 5 410
78%
Rousínov 5 730
78%
Újezd 79
78%
Velké Pavlovice 3 118
78%
Adamov 4 515
74%
Boskovice 11 726
74%
Lednice 2 230
74%
Moravský Krumlov 5 688
74%
Šlapanice 7 703
74%
Tišnov 9 267
74%
Vranov 843
74%
Pavlov 600
70%
Rosice 6 368
70%
Valtice 3 582
70%
Veselí nad Moravou 10 807
70%
Bučovice 6 491
65%
Dolní Kounice 2 471
65%
Hrušovany nad Jevišovkou 3 309
65%
Letovice 6 720
65%
Pohořelice 5 251
65%
Rájec-Jestřebí 3 745
65%
Rajhrad 3 974
65%
Židlochovice 3 823
65%
Bílovice nad Svitavou 3 749
61%
Čejč 1 258
61%
Lanžhot 3 710
61%
Rakvice 2 199
61%
Šakvice 1 524
61%
Strážnice 5 467
61%
Újezd u Brna 3 371
61%
Zaječí 1 454
61%
Březí 1 681
57%
Bzenec 4 442
57%
Černá Hora 2 190
57%
Drnovice 1 332 | 2 387
57%
Hrušky 1 640 | 769
57%
Jedovnice 2 824
57%
Klobouky u Brna 2 488
57%
Křtiny 838
57%
Moravská Nová Ves 2 613
57%
Sloup 966
57%
Velké Bílovice 3 906
57%
Velké Opatovice 3 623
57%
Zastávka 2 528
57%
Ždánice 2 499
57%
Česká 1 015
52%
Hrušovany u Brna 3 567
52%
Mikulčice 1 956
52%
Mokrá-Horákov 2 766
52%
Moravský Písek 2 070
52%
Oslavany 4 733
52%
Podivín 3 009
52%
Skalice 515
52%
Střelice 154 | 3 072
52%
Vranovice 2 455
52%
Čebín 1 867
48%
Čejkovice 2 420 | 226
48%
Dolní Dunajovice 1 690
48%
Dolní Věstonice 304
48%
Dubňany 6 327
48%
Kunštát 2 798
48%
Lipůvka 1 386
48%
Lužice 2 950
48%
Milotice 1 882
48%
Miroslav 3 006
48%
Moravany 3 394 | 738
48%
Ostrov u Macochy 1 129
48%
Ratíškovice 4 001
48%
Uherčice 1 072 | 369
48%
Veverská Bítýška 3 441
48%
Blučina 2 241
43%
Drnholec 1 851
43%
Dyjákovice 848
43%
Horní Dunajovice 627
43%
Horní Věstonice 491
43%
Kobylí 2 026
43%
Mutěnice 3 673
43%
Petrov 1 345 | 131
43%
Prušánky 2 235
43%
Rajhradice 1 504
43%
Rohatec 3 495
43%
Šošůvka 669
43%
Troubsko 2 362
43%
Uhřice 264 | 303 | 762
43%
Vranov nad Dyjí 803
43%
Babice nad Svitavou 1 373
39%
Březina 0 | 1 100 | 331
39%
Hevlín 1 424
39%
Hlohovec 1 307
39%
Křenovice 1 956
39%
Krumvíř 1 232
39%
Lelekovice 1 915
39%
Luleč 976
39%
Moravské Bránice 973
39%
Ochoz u Brna 1 509
39%
Sedlec 868
39%
Sokolnice 2 361
39%
Svitávka 1 806
39%
Telnice 1 628
39%
Velká nad Veličkou 2 892
39%
Žabčice 1 649
39%
Žarošice 1 117
39%
Zbýšov 3 740 | 692
39%
Želešice 1 825
39%
Archlebov 878
35%
Blatnice pod Svatým Antonínkem 2 013
35%
Bohaté Málkovice 250
35%
Bukovinka 597
35%
Dolní Loučky 1 271
35%
Horní Kounice 294
35%
Ivanovice na Hané 2 930
35%
Jevišovka 689
35%
Klentnice 510
35%
Knínice 931
35%
Lipov 1 486
35%
Lysice 1 902
35%
Nedvědice 1 314
35%
Němčice 468
35%
Nesovice 1 083
35%
Ořechov 2 824
35%
Pasohlávky 743
35%
Perná 790
35%
Popůvky 1 691
35%
Pozořice 2 328
35%
Račice-Pístovice 1 238
35%
Říčany 2 093
35%
Řikonín 49
35%
Rozdrojovice 1 096
35%
Šatov 1 113
35%
Skalice nad Svitavou 624
35%
Tvarožná 1 326
35%
Velké Němčice 1 777
35%
Vracov 4 569
35%
Žďár 405
35%
Bavory 411
30%
Benešov 660
30%
Bítov 145
30%
Boleradice 920
30%
Bořitov 1 290
30%
Bulhary 746
30%
Doubravice nad Svitavou 1 385
30%
Habrovany 879
30%
Hradčany 685
30%
Jevišovice 1 158
30%
Ježkovice 380
30%
Kanice 1 056
30%
Komořany 740
30%
Krásensko 412
30%
Ladná 1 254
30%
Lipovec 1 199
30%
Měnín 1 865
30%
Němčičky 82 | 321 | 706
30%
Nemojany 780
30%
Novosedly 1 269
30%
Olomučany 1 071
30%
Olšany 617
30%
Popovice 354
30%
Prace 946
30%
Práče 806
30%
Pustiměř 1 852
30%
Řícmanice 808
30%
Rudice 968
30%
Šanov 1 560
30%
Svatobořice-Mistřín 3 493
30%
Tasov 557
30%
Tučapy 606
30%
Tvarožná Lhota 930
30%
Velatice 754
30%
Vilémovice 324
30%
Viničné Šumice 1 354
30%
Vysočany 98 | 783
30%
Žatčany 924
30%
Zbraslav 1 271
30%
Bošovice 1 251
26%
Bratčice 713
26%
Brumov 242
26%
Bukovina 454
26%
Černovice 385
26%
Dambořice 1 473
26%
Deblín 1 077
26%
Diváky 511
26%
Dobré Pole 461
26%
Dolní Bojanovice 3 017
26%
Doubravník 837
26%
Drysice 612
26%
Dyjákovičky 575
26%
Dyje 486
26%
Horní Loučky 313
26%
Hostěnice 803
26%
Hovorany 2 192
26%
Lažánky 723
26%
Lažany 420
26%
Lhota Rapotina 409
26%
Lomnice 1 459
26%
Maršov 518
26%
Mikulovice 653
26%
Nová Ves 808
26%
Nový Přerov 335
26%
Olbramkostel 522
26%
Ostopovice 1 766
26%
Ostrovačice 738
26%
Otnice 1 611
26%
Petrovice 363 | 628
26%
Podolí 1 452
26%
Podomí 440
26%
Ráječko 1 367
26%
Ruprechtov 595
26%
Šardice 2 191
26%
Šebrov-Kateřina 822
26%
Spešov 648
26%
Strachotín 800
26%
Sudice 479
26%
Vavřinec 882
26%
Vlasatice 872
26%
Vnorovy 3 000
26%
Žďárná 767
26%
Bedřichov 227
22%
Biskoupky 187
22%
Blažovice 1 232
22%
Bohdalice-Pavlovice 872
22%
Borač 345
22%
Brankovice 914
22%
Brod nad Dyjí 526
22%
Cetkovice 763
22%
Chvalkovice 252
22%
Čučice 445
22%
Drásov 2 002
22%
Habrůvka 438
22%
Hajany 638
22%
Holštejn 150
22%
Holubice 1 465
22%
Horní Bojanovice 675
22%
Hoštice-Heroltice 624
22%
Hroznová Lhota 1 222
22%
Jaroslavice 1 267
22%
Kostelec 888
22%
Kotvrdovice 920
22%
Kovalovice 657
22%
Krasová 464
22%
Kulířov 163
22%
Kurdějov 442
22%
Louka 61 | 936
22%
Lovčice 831
22%
Lubě 99
22%
Lukov 255
22%
Malhostovice 995
22%
Milovice 454
22%
Moravský Žižkov 1 471
22%
Níhov 239
22%
Nikolčice 778
22%
Nosislav 1 358
22%
Nové Sady 101
22%
Olešnice 1 667
22%
Omice 822
22%
Opatovice 1 120
22%
Orlovice 318
22%
Ponětovice 452
22%
Pouzdřany 792
22%
Pravlov 631
22%
Předklášteří 1 406
22%
Přibice 1 047
22%
Rebešovice 1 030
22%
Říčky 415
22%
Rozseč nad Kunštátem 573
22%
Šafov 150
22%
Šaratice 1 049
22%
Sebranice 631
22%
Senetářov 588
22%
Šitbořice 2 083
22%
Studnice 496
22%
Suchohrdly 1 431
22%
Suchý 451
22%
Sudoměřice 1 285
22%
Tasovice 1 379 | 71
22%
Trnové Pole 122
22%
Vacenovice 2 194
22%
Vážany 230 | 458
22%
Velešovice 1 272
22%
Vlkoš 1 040
22%
Závist 139
22%
Zelená Hora 308
22%
Žernovník 260
22%
Babice u Rosic 779
17%
Bohutice 657
17%
Bořetice 1 306
17%
Borotín 424
17%
Branišovice 612
17%
Brťov-Jeneč 359
17%
Bukovany 685
17%
Čeložnice 405
17%
Chrudichromy 214
17%
Chudčice 996
17%
Crhov 172
17%
Cvrčovice 646
17%
Domašov 670
17%
Heršpice 861
17%
Hlína 305
17%
Hluboké Mašůvky 868
17%
Hodonice 1 797
17%
Hostěradice 1 603
17%
Hrádek 947
17%
Jabloňany 400
17%
Javorník 704
17%
Javůrek 339
17%
Kořenec 359
17%
Kozárov 120
17%
Kravsko 596
17%
Křetín 482
17%
Krhov 152
17%
Křižanovice 797
17%
Kunčina Ves 57
17%
Kunice 189
17%
Kuřimská Nová Ves 132
17%
Kuřimské Jestřabí 179
17%
Lesná 257
17%
Letonice 1 377
17%
Lovčičky 710
17%
Medlov 864
17%
Milonice 172 | 353
17%
Moravské Knínice 1 087
17%
Moravské Málkovice 565
17%
Moutnice 1 169
17%
Násedlovice 853
17%
Nemotice 422
17%
Nenkovice 480
17%
Nový Šaldorf-Sedlešovice 1 652
17%
Olbramovice 1 154
17%
Podhradí nad Dyjí 46
17%
Popice 966
17%
Radslavice 419
17%
Rašov 245
17%
Rudka 402
17%
Slup 494
17%
Suchohrdly u Miroslavi 499
17%
Šumice 296
17%
Švábenice 1 038
17%
Světlá 249
17%
Tetčice 1 170
17%
Újezd u Boskovic 490
17%
Unín 230
17%
Unkovice 738
17%
Úsobrno 446
17%
Velenov 255
17%
Velké Hostěrádky 510
17%
Vrbice 1 063
17%
Zhoř 69
17%
Běleč 189
13%
Božice 1 561
13%
Brumovice 1 022
13%
Býkovice 242
13%
Dětkovice 271
13%
Dlouhá Lhota 132
13%
Dobšice 2 418
13%
Grešlové Mýto 215
13%
Hluboké Dvory 91
13%
Hnanice 372
13%
Hodějice 1 061
13%
Horní Poříčí 271
13%
Horní Smržov 137
13%
Hostěrádky-Rešov 865
13%
Hrabětice 893
13%
Hvězdlice 562
13%
Hvozdec 343
13%
Ježov 698
13%
Jinačovice 773
13%
Jiřice u Miroslavi 459
13%
Kelčany 247
13%
Ketkovice 610
13%
Kněževes 170
13%
Kobeřice u Brna 723
13%
Kobylnice 1 189
13%
Kojátky 332
13%
Křtěnov 211
13%
Kuničky 301
13%
Kupařovice 351
13%
Lechovice 565
13%
Lesní Hluboké 280
13%
Lhota u Olešnice 43
13%
Litobratřice 499
13%
Lomnička 567
13%
Makov 44
13%
Malá Lhota 158
13%
Malá Roudka 213
13%
Nebovidy 828
13%
Nelepeč-Žernůvka 86
13%
Nemochovice 297
13%
Nevojice 423
13%
Nížkovice 731
13%
Nové Bránice 737
13%
Obora 322
13%
Okrouhlá 616
13%
Olší 345
13%
Pamětice 251
13%
Podivice 165
13%
Pravice 353
13%
Přísnotice 890
13%
Přítluky 786
13%
Prostřední Poříčí 277
13%
Prusy-Boškůvky 656
13%
Rostěnice-Zvonovice 531
13%
Roubanina 121
13%
Rybníček 285
13%
Šebetov 841
13%
Sentice 654
13%
Silůvky 866
13%
Skalička 160
13%
Snovídky 331
13%
Starovičky 896
13%
Strážovice 599
13%
Sulíkov 306
13%
Těšany 1 281
13%
Tišnovská Nová Ves 98
13%
Topolany 358
13%
Tvrdonice 2 122
13%
Újezd u Černé Hory 266
13%
Valchov 455
13%
Vanovice 535
13%
Vážany nad Litavou 735
13%
Vísky 250
13%
Voděrady 538
13%
Vranová 381
13%
Vrbovec 1 191
13%
Všechovice 282
13%
Zálesná Zhoř 65
13%
Žďárec 368
13%
Blatnička 423
9%
Bojanovice 188
9%
Braníškov 206
9%
Bukovice 82
9%
Citonice 601
9%
Deštná 222
9%
Dobřínsko 389
9%
Dražovice 955
9%
Dražůvky 267
9%
Hlubočany 515
9%
Jiříkovice 929
9%
Josefov 445
9%
Kaly 286
9%
Kostice 1 909
9%
Kozlany 368
9%
Křepice 1 316 | 105
9%
Křižanovice u Vyškova 144
9%
Kučerov 488
9%
Litostrov 139
9%
Loděnice 530
9%
Ludíkov 343
9%
Lukovany 630
9%
Medlovice 347
9%
Míchov 178
9%
Milešovice 680
9%
Morkůvky 498
9%
Němčany 798
9%
Neslovice 970
9%
Nýrov 212
9%
Osiky 123
9%
Otmarov 376
9%
Pavlice 480
9%
Pernštejnské Jestřabí 201
9%
Podbřežice 246
9%
Přibyslavice 523
9%
Prosiměřice 872
9%
Radějov 842
9%
Rohozec 238
9%
Senorady 392
9%
Sivice 1 125
9%
Skrchov 111
9%
Skryje 69
9%
Slatina 235
9%
Stanoviště 404
9%
Starovice 928
9%
Starý Petřín 224
9%
Štítary 601
9%
Stošíkovice na Louce 303
9%
Stvolová 163
9%
Šumná 642
9%
Svatoslav 446
9%
Svinošice 383
9%
Syrovice 1 878
9%
Tavíkovice 587
9%
Troskotovice 693
9%
Újezd u Tišnova 138
9%
Ústup 42
9%
Vedrovice 859
9%
Veverské Knínice 957
9%
Višňové 1 072
9%
Vítonice 253
9%
Vojkovice 1 188
9%
Vratěnín 292
9%
Vysoké Popovice 722
9%
Zakřany 787
9%
Zbraslavec 224
9%
Želetice 282 | 511
9%
Železné 506
9%
Žerůtky 77 | 273
9%
Bezkov 212
4%
Černín 143
4%
Damnice 359
4%
Dobelice 261
4%
Dolní Dubňany 483
4%
Havraníky 329
4%
Holasice 1 261
4%
Horní Dubňany 285
4%
Jamolice 440
4%
Jezeřany-Maršovice 794
4%
Jiřice u Moravských Budějovic 55
4%
Karlín 226
4%
Katov 267
4%
Kratochvilka 472
4%
Křižínkov 226
4%
Kuchařovice 906
4%
Lhota u Lysic 132
4%
Lubné 49
4%
Lysovice 286
4%
Malešovice 751
4%
Mašovice 531
4%
Medlice 167
4%
Miroslavské Knínice 332
4%
Mouchnice 314
4%
Mouřínov 475
4%
Nechvalín 345
4%
Nesvačilka 327
4%
Ochoz u Tišnova 125
4%
Odrovice 256
4%
Oleksovice 656
4%
Oslnovice 79
4%
Ostrovánky 224
4%
Podmolí 165
4%
Příbram na Moravě 653
4%
Radostice 775
4%
Rašovice 695
4%
Rozsíčka 143
4%
Šerkovice 344
4%
Skalka 150
4%
Skoronice 534
4%
Sobůlky 849
4%
Stavěšice 359
4%
Štěpánovice 500
4%
Strhaře 131
4%
Synalov 122
4%
Terezín 378
4%
Těšetice 587
4%
Trboušany 380
4%
Tulešice 198
4%
Újezd u Rosic 295
4%
Únanov 1 290
4%
Úsuší 128
4%
Velký Karlov 404
4%
Vémyslice 698
4%
Věteřov 500
4%
Vohančice 191
4%
Vranovská Ves 307
4%
Vřesovice 585
4%
Žádovice 745
4%
Žeravice 1 012
4%
Bantice 285
0%
Běhařovice 377
0%
Blanné 85
0%
Blížkovice 1 190
0%
Borkovany 847
0%
Borotice 442
0%
Borovník 100
0%
Boskovštejn 153
0%
Břežany 797
0%
Čermákovice 92
0%
Černvír 148
0%
Chvalatice 107
0%
Chvalovice 683
0%
Ctidružice 297
0%
Dobročkovice 229
0%
Dolenice 134
0%
Domanín 1 017
0%
Drahonín 119
0%
Džbánice 136
0%
Heroltice 213
0%
Horní Břečkov 271
0%
Hostim 417
0%
Hrubá Vrbka 631
0%
Hýsly 418
0%
Kadov 155
0%
Kašnice 199
0%
Kněždub 1 092
0%
Korolupy 157
0%
Kozojídky 517
0%
Kožušice 112
0%
Krhovice 588
0%
Křídlůvky 241
0%
Kubšice 158
0%
Kuželov 417
0%
Kyjovice 144
0%
Labuty 171
0%
Lančov 223
0%
Lazinov 180
0%
Ledce 218
0%
Lesonice 248
0%
Lubnice 61
0%
Mackovice 374
0%
Malá Vrbka 159
0%
Malínky 138
0%
Mělčany 485
0%
Milíčovice 195
0%
Morašice 229
0%
Našiměřice 201
0%
Nová Lhota 654
0%
Nový Poddvorov 224
0%
Onšov 73
0%
Plaveč 457
0%
Plenkovice 361
0%
Podmyče 110
0%
Přeskače 102
0%
Prokopov 84
0%
Prštice 985
0%
Rešice 335
0%
Rojetín 76
0%
Rozkoš 175
0%
Rudlice 103
0%
Rybníky 449
0%
Sobotovice 621
0%
Stálky 115
0%
Starý Poddvorov 959
0%
Štěchov 191
0%
Strachotice 1 010
0%
Suchov 494
0%
Syrovín 345
0%
Těmice 923
0%
Trstěnice 553
0%
Tvořihráz 431
0%
Týnec 1 112
0%
Valtrovice 416
0%
Vevčice 70
0%
Vracovice 200
0%
Vratislávka 93
0%
Výrovice 173
0%
Zálesí 169
0%
Zblovice 42
0%
Žeraviny 185
0%
Žerotice 367
0%
No matching quizzes found
Score Distribution
Percent of People with Each Score
Percentile by Number Answered
Your Score History
You have not taken this quiz